<?xml version="1.0" encoding="UTF-8"?>
<record
    xmlns:xsi="http://www.w3.org/2001/XMLSchema-instance"
    xsi:schemaLocation="http://www.loc.gov/MARC21/slim http://www.loc.gov/standards/marcxml/schema/MARC21slim.xsd"
    xmlns="http://www.loc.gov/MARC21/slim">

  <leader>00600nam a22002057a 4500</leader>
  <controlfield tag="003">OSt</controlfield>
  <controlfield tag="005">20240520153407.0</controlfield>
  <controlfield tag="008">240520b        |||||||| |||| 00| 0 eng d</controlfield>
  <datafield tag="020" ind1=" " ind2=" ">
    <subfield code="a">9789966481184</subfield>
  </datafield>
  <datafield tag="040" ind1=" " ind2=" ">
    <subfield code="a">AIU Library - Kenya</subfield>
    <subfield code="c">AIU Library - Kenya</subfield>
    <subfield code="d">AIU Library - Kenya</subfield>
  </datafield>
  <datafield tag="050" ind1=" " ind2=" ">
    <subfield code="a">BS 325.P65</subfield>
    <subfield code="b">2008</subfield>
  </datafield>
  <datafield tag="245" ind1=" " ind2=" ">
    <subfield code="a">Pipilia</subfield>
  </datafield>
  <datafield tag="260" ind1=" " ind2=" ">
    <subfield code="a">Nairobi, Kenya : </subfield>
    <subfield code="b">Bible Society of Kenya, </subfield>
    <subfield code="c">c2008.</subfield>
  </datafield>
  <datafield tag="300" ind1=" " ind2=" ">
    <subfield code="a">991, 342 p.;</subfield>
  </datafield>
  <datafield tag="500" ind1=" " ind2=" ">
    <subfield code="a">[Africana].</subfield>
  </datafield>
  <datafield tag="630" ind1=" " ind2=" ">
    <subfield code="a">Bible. Pokot.</subfield>
    <subfield code="9">56201</subfield>
  </datafield>
  <datafield tag="650" ind1=" " ind2=" ">
    <subfield code="a">Pokot language</subfield>
    <subfield code="x">Texts.</subfield>
    <subfield code="9">56202</subfield>
  </datafield>
  <datafield tag="710" ind1=" " ind2=" ">
    <subfield code="a">Bible Society of Kenya</subfield>
    <subfield code="9">55779</subfield>
  </datafield>
  <datafield tag="942" ind1=" " ind2=" ">
    <subfield code="2">lcc</subfield>
    <subfield code="c">AFR(R)</subfield>
  </datafield>
  <datafield tag="999" ind1=" " ind2=" ">
    <subfield code="c">67921</subfield>
    <subfield code="d">67895</subfield>
  </datafield>
  <datafield tag="952" ind1=" " ind2=" ">
    <subfield code="0">0</subfield>
    <subfield code="1">0</subfield>
    <subfield code="2">lcc</subfield>
    <subfield code="4">0</subfield>
    <subfield code="7">0</subfield>
    <subfield code="8">REF</subfield>
    <subfield code="a">CPL</subfield>
    <subfield code="b">CPL</subfield>
    <subfield code="c">REF</subfield>
    <subfield code="d">2023-10-30</subfield>
    <subfield code="e">Donation - Prof. Robert Priest.</subfield>
    <subfield code="g">9.09</subfield>
    <subfield code="l">0</subfield>
    <subfield code="o">REF BS 325.P65 2008</subfield>
    <subfield code="p">T17050W3232</subfield>
    <subfield code="r">2024-05-20 12:25:57</subfield>
    <subfield code="t">1</subfield>
    <subfield code="w">2024-05-20</subfield>
    <subfield code="y">AFR(R)</subfield>
  </datafield>
</record>
